000 00309nam a22001457a 4500
003 SGT
082 _a603
_bS16A
100 _aAPTE, SHIVRAM
245 _aSANSKRIT HINDI DICTIONARY
250 _a1ST
260 _aVARANASI
_bCHAUKHAMBHA PUB
_c2016
300 _a453
650 _aDICTIONARY
942 _2ddc
_cBK
_04
999 _c8728
_d8728